[Event "Islington op 8th Evening Standard"]
[Site "London"]
[Date "1972.12.17"]
[Round "6"]
[White "Rothbart, Bernard M"]
[Black "Botterill, George Steven"]
[Result "1-0"]
[WhiteElo "2248"]
[BlackElo "2440"]
[PlyCount "51"]
[EventDate "1972.12.15"]
[EventType "swiss"]
[EventRounds "6"]
[EventCountry "ENG"]
[SourceTitle "BritBase"]
[Source "John Saunders"]
[SourceDate "2023.12.16"]
[SourceVersion "1"]
[SourceVersionDate "2023.12.16"]
[SourceQuality "1"]

1. d4 Nf6 2. c4 g6 3. Nc3 d5 4. Bg5 Ne4 5. Bh4 Nxc3 6. bxc3 c5 7. e3 Bg7 8. Qb3
cxd4 9. exd4 Qa5 10. cxd5 O-O 11. Nf3 e6 12. d6 Nc6 13. Bb5 Bxd4 14. O-O Bg7
15. Bxc6 bxc6 16. Rfd1 Ba6 17. d7 Be2 18. d8=Q Raxd8 19. Rxd8 Rxd8 20. Bxd8
Qxd8 21. Rb1 Qa5 22. Qb8+ Bf8 23. Ne5 Qd5 24. Qc7 Bd6 25. Qxf7+ Kh8 26. Rb8+ {
Source: CHESS, January 1973, Vol.38/665-6, p122} 1-0

[Event "Islington op 8th Evening Standard"]
[Site "London"]
[Date "1972.12.17"]
[Round "6"]
[White "Scott, David Bernard"]
[Black "Linton, William Anthony"]
[Result "0-1"]
[WhiteElo "1928"]
[BlackElo "2160"]
[PlyCount "108"]
[EventDate "1972.12.15"]
[EventType "swiss"]
[EventRounds "6"]
[EventCountry "ENG"]
[SourceTitle "BritBase"]
[Source "John Saunders"]
[SourceDate "2023.12.16"]
[SourceVersion "1"]
[SourceVersionDate "2023.12.16"]
[SourceQuality "1"]

1. d4 Nf6 2. c4 g6 3. Nc3 Bg7 4. e4 d6 5. f4 O-O 6. Nf3 c5 7. d5 e6 8. Be2 exd5
9. exd5 Nh5 10. O-O Bxc3 11. bxc3 f5 12. Ng5 Ng7 13. Bf3 h6 14. Ne6 Bxe6 15.
dxe6 Qe7 16. Re1 Nc6 17. Rb1 Rae8 18. Rb2 Kh7 19. Rd2 Rd8 20. Qa4 Rf6 21. Rde2
Re8 22. Bxc6 bxc6 23. Qxc6 Rxe6 24. Rxe6 Nxe6 25. Qd5 Qd7 26. Rd1 Nc7 27. Qb7
Re2 28. a3 Qe7 29. Kf1 Ne8 30. Qxe7+ Rxe7 31. Re1 Rxe1+ 32. Kxe1 Nc7 33. Ke2
Kg7 34. h3 Kf6 35. h4 h5 36. Kd3 Na8 37. Be3 Nb6 38. g3 Ke6 39. Bf2 Kd7 40. Be3
Kc7 41. Bc1 Nd7 42. Bd2 Kb6 43. Kc2 Ka5 44. Kb3 Nf6 45. Be1 Ne4 46. a4 Nf6 47.
Bf2 Nd7 48. Be3 Nb6 49. Bf2 Nxa4 50. Be3 Nb6 51. Bf2 Nd7 52. Be1 Kb6 53. Ka4 a5
54. Kb3 Ka6 0-1

[Event "Islington op 8th Evening Standard"]
[Site "London"]
[Date "1972.12.17"]
[Round "6"]
[White "Sosonko, Gennadi"]
[Black "Stean, Michael Frank"]
[Result "0-1"]
[WhiteElo "2400"]
[BlackElo "2328"]
[PlyCount "114"]
[EventDate "1972.12.15"]
[EventType "swiss"]
[EventRounds "6"]
[EventCountry "ENG"]
[SourceTitle "BritBase"]
[Source "John Saunders"]
[SourceDate "2023.12.16"]
[SourceVersion "1"]
[SourceVersionDate "2023.12.16"]
[SourceQuality "1"]

1. d4 Nf6 2. c4 g6 3. Nc3 d5 4. Nf3 Bg7 5. Qb3 dxc4 6. Qxc4 O-O 7. e4 a6 8. Be2
b5 9. Qb3 c5 10. dxc5 Be6 11. Qc2 Qc7 12. O-O Qxc5 13. Be3 Qc7 14. a3 Nbd7 15.
Nd4 Ng4 16. Bxg4 Bxg4 17. f3 Ne5 18. Nd5 Qxc2 19. Nxc2 Be6 20. Nxe7+ Kh8 21.
Bd4 Rfe8 22. Nd5 Bxd5 23. exd5 Rac8 24. Rf2 Nd3 25. Rd2 Nxb2 26. Nb4 Nc4 27.
Bxg7+ Kxg7 28. Rd4 Nd6 29. Nc6 Re2 30. a4 Rce8 31. axb5 axb5 32. Rad1 Rb2 33.
R1d2 Re2 34. Rxe2 Rxe2 35. Rb4 Rc2 36. h3 Kf8 37. Kh2 Ke8 38. Kg3 Rc5 39. Kf4
Rxd5 40. g4 Kd7 41. Nd4 Kc7 42. Ke3 Kb6 43. Rb1 Re5+ 44. Kf4 Rc5 45. h4 h6 46.
Nb3 g5+ 47. Ke3 Rc3+ 48. Kd4 Rxf3 49. hxg5 hxg5 50. Kd5 Ne8 51. Nd4 Nc7+ 52.
Kd6 Rf4 53. Nf5 Rxg4 54. Rc1 Rc4 55. Rg1 f6 56. Ke7 Nd5+ 57. Ke6 Re4+ 0-1

[Event "Islington op 8th Evening Standard"]
[Site "London"]
[Date "1972.12.17"]
[Round "6"]
[White "Staples, Maurice J"]
[Black "Belt, M"]
[Result "1-0"]
[WhiteElo "2152"]
[BlackElo "1800"]
[PlyCount "42"]
[EventDate "1972.12.15"]
[EventType "swiss"]
[EventRounds "6"]
[EventCountry "ENG"]
[SourceTitle "BritBase"]
[Source "John Saunders"]
[SourceDate "2023.12.16"]
[SourceVersion "1"]
[SourceVersionDate "2023.12.16"]
[SourceQuality "1"]

1. Nf3 d5 2. a4 c5 3. e4 dxe4 4. Ng5 Nf6 5. Bc4 e6 6. Nc3 Be7 7. Ngxe4 O-O 8.
d3 a6 9. Nxf6+ Bxf6 10. Ne4 Nc6 11. Nxf6+ Qxf6 12. O-O Na5 13. Ba2 b5 14. axb5
axb5 15. Bb1 Bb7 16. c3 Nc6 17. Rxa8 Rxa8 18. Be3 Ne7 19. Qh5 c4 20. dxc4 bxc4
21. Bg5 Qe5 1-0

[Event "Islington op 8th Evening Standard"]
[Site "London"]
[Date "1972.12.17"]
[Round "6"]
[White "Thrower, Sean"]
[Black "Okrzeja, Boguslaw"]
[Result "1-0"]
[WhiteElo "2152"]
[BlackElo "1664"]
[PlyCount "39"]
[EventDate "1972.12.15"]
[EventType "swiss"]
[EventRounds "6"]
[EventCountry "ENG"]
[SourceTitle "BritBase"]
[Source "John Saunders"]
[SourceDate "2023.12.16"]
[SourceVersion "1"]
[SourceVersionDate "2023.12.16"]
[SourceQuality "1"]

1. c4 Nf6 2. Nc3 g6 3. e4 d6 4. d4 Bg7 5. Be2 O-O 6. g4 Nc6 7. d5 Ne5 8. g5 Ne8
9. f4 Nd7 10. Nf3 Nc5 11. Be3 b6 12. Qc2 Bd7 13. O-O-O a5 14. h4 Bxc3 15. Bxc5
Bxb2+ 16. Qxb2 bxc5 17. h5 a4 18. hxg6 Ng7 19. Rxh7 f6 20. Rdh1 1-0

[Event "Islington op 8th Evening Standard"]
[Site "London"]
[Date "1972.12.17"]
[Round "6"]
[White "Trangmar, Alan G"]
[Black "Saverymuttu, Seth"]
[Result "1/2-1/2"]
[WhiteElo "2200"]
[BlackElo "2344"]
[PlyCount "61"]
[EventDate "1972.12.15"]
[EventType "swiss"]
[EventRounds "6"]
[EventCountry "ENG"]
[SourceTitle "BritBase"]
[Source "John Saunders"]
[SourceDate "2023.12.16"]
[SourceVersion "1"]
[SourceVersionDate "2023.12.16"]
[SourceQuality "1"]

1. d4 Nf6 2. c4 g6 3. Nc3 Bg7 4. e4 d6 5. Be2 O-O 6. Bg5 Nbd7 7. Qd2 e5 8. d5
a5 9. g4 Nc5 10. f3 h6 11. Be3 Ne8 12. h4 Kh7 13. h5 g5 14. Bd1 Na6 15. Nge2 c5
16. Ng3 f6 17. Ba4 Bd7 18. O-O Rf7 19. a3 Rb8 20. Bxd7 Qxd7 21. Qd3 Nec7 22.
Nf5 Bf8 23. Bd2 b5 24. cxb5 Nxb5 25. a4 Nb4 26. Qe2 Nc7 27. Ne3 Nca6 28. Nb5
Qd8 29. Rab1 Rfb7 30. Nc4 Be7 31. Bc3 1/2-1/2

[Event "Islington op 8th Evening Standard"]
[Site "London"]
[Date "1972.12.17"]
[Round "6"]
[White "Van der Weide, Piet"]
[Black "James, Geoffrey H"]
[Result "1-0"]
[WhiteElo "2310"]
[BlackElo "2232"]
[PlyCount "61"]
[EventDate "1972.12.15"]
[EventType "swiss"]
[EventRounds "6"]
[EventCountry "ENG"]
[SourceTitle "BritBase"]
[Source "John Saunders"]
[SourceDate "2023.12.16"]
[SourceVersion "1"]
[SourceVersionDate "2023.12.16"]
[SourceQuality "1"]

1. e4 e5 2. Nc3 Nf6 3. f4 d5 4. fxe5 Nxe4 5. Nf3 Be7 6. d4 O-O 7. Bd3 f5 8.
exf6 Bxf6 9. O-O Bg4 10. Nxe4 dxe4 11. Bxe4 Bxf3 12. Bxf3 Qxd4+ 13. Qxd4 Bxd4+
14. Kh1 Nc6 15. Bg5 Rf5 16. Bh4 Raf8 17. c3 Bc5 18. Rad1 g5 19. Bg3 R8f7 20.
Rfe1 Kf8 21. h3 Bb6 22. b4 Re7 23. Rxe7 Kxe7 24. a3 Nd8 25. c4 c5 26. Bg4 Rf7
27. Bd6+ Kf6 28. bxc5 Ba5 29. Bh5 Rg7 30. Rf1+ Ke6 31. Bg4# 1-0